| 000 | 01085cam a22003255a 4500 | ||
|---|---|---|---|
| 001 | 016503814 | ||
| 003 | OSt | ||
| 005 | 20201128021334.0 | ||
| 008 | 130829t2014 enka frbd 001 0 eng d | ||
| 020 | _a9781292007007 (paperback) | ||
| 020 | _a1292007001 (paperback) | ||
| 040 |
_aStDuBDS _beng _cStDuBDS _dUk _dEG-ScBUE |
||
| 082 | 0 | 4 |
_a658.4012 _bEXP _222 |
| 240 | 1 | 0 | _aExploring corporate strategy |
| 245 | 1 | 0 |
_aExploring strategy / _cGerry Johnson ... [et. al] |
| 246 | 3 | 4 |
_aExploring strategy : _btexts and cases. |
| 250 | _a10th ed. | ||
| 260 |
_aHarlow : _bPearson Education Limited, _cc.2014. |
||
| 300 |
_axxxii, 783 p. : _bill. (col.) ; _c27 cm. |
||
| 500 | _aIncludes MyStrategyLab : student access code inside. | ||
| 500 | _aIncludes glossary. | ||
| 504 | _aIncludes bibliographical references and indexes. | ||
| 650 | 0 |
_aBusiness planning. _2BUEsh |
|
| 650 | 0 |
_aStrategic planning. _2BUEsh |
|
| 651 | _2BUEsh | ||
| 653 |
_bBUSADM _cJune2015 _cAugust2015 |
||
| 655 |
_vreading book _934232 |
||
| 700 | 1 |
_aJohnson, Gerry _92233 |
|
| 942 |
_2ddc _k658.4012 EXP |
||
| 999 |
_c19879 _d19851 |
||